تحر یر یں (Record no. 149198)

MARC details
000 -LEADER
fixed length control field 00709nam a22001937a 4500
005 - DATE AND TIME OF LATEST TRANSACTION
control field 20180113144935.0
010 ## - LCCN (DPL NO)
LC control number UR-10017
020 ## - INTERNATIONAL STANDARD BOOK NUMBER
Terms of availability 300.00
International Standard Book Number -
035 ## - SYSTEM CONTROL NUMBER
System control number U-8572
037 ## - SOURCE OF ACQUISITION
Source of stock number/acquisition DBAD/PUB
100 ## - MAIN ENTRY--PERSONAL NAME
Personal name جلا ل عا ر ف
245 ## - TITLE STATEMENT
Title تحر یر یں
Statement of responsibility, etc جلا ل عا ر ف
246 ## - VARYING FORM OF TITLE
Remainder of title Tehreerein
Title proper/short title by Jalal Arif
260 ## - PUBLICATION, DISTRIBUTION, ETC. (IMPRINT)
Place of publication, distribution, etc Haiderabad
Name of publisher, distributor, etc Atiyab Publishing House
Date of publication, distribution, etc 2015
270 ## - ADDRESS
Address 22-8-59Shah Nawaz Shah,Atiyab Urdu Computer Grafics,Jamal Market,
City Hyderabad
Postal code 500002
Telephone number 9949204759
Fax number -
300 ## - PHYSICAL DESCRIPTION
Extent 180 ص
Dimensions 22 Cm.(B.b)
500 ## - GENERAL NOTE
General note دو حصہ
942 ## - ADDED ENTRY ELEMENTS (KOHA)
Source of classification or shelving scheme Dewey Decimal Classification
Item type Urdu Bks
Classification part 841.08
Call number suffix ج ل ا
Holdings
Withdrawn status Lost status Not for loan Collection code Home library Current library Date acquired Cost, normal purchase price Full call number Barcode Copy number Cost, replacement price Koha item type
    Not For Loan Non-fiction D.B.Act.Division D.B.Act.Division 13/01/2018 300.00 841.08 ج ل ا U-8572 1 300.00 Urdu Bks

© Delhi Public Library
Hit Counter
free hit counter